00290nam a2200109Ia 4500008004100000041000800041100001800049245004200067260003500109300000800144700002800152250110s9999 xx 000 0 und d aeng aGandhi Mugdha aVirtuosity : The Art Centre Panchgani bFinal Year B. Arch, BNCAc2014 a86p aGuide Name:Nawale Rahul